LEADER 01328nam a2200301 a 4500 001 000000128286 003 CaOOAMICUS 005 20120403103827.0 008 120330s2011 enk u000 u eng r 020 $z9780199286485* 040 $aPUL$bita 082 04$a342.24 100 1 $aHofmann, Herwig.$0(OLS)http://pul/name/81968 245 10$aAdministrative law and policy of the European Union /$cHerwig C.H. Hofmann, Gerard C. Rowe, Alexander H. Türk. 260 $aOxford ;$aNew York :$bOxford University Press,$cİ2011. 300 $alxxxv, 977 p. ;$c24 cm 504 $aBibliografia in nota. 650 4$aDiritto amministrativo$zEuropa.$0(OLS)http://pul/subject/22610 700 1 $aRowe, Gerard C.$0(OLS)http://pul/name/81969 700 1 $aTürk, Alexander.$0(OLS)http://pul/name/81970 850 $aPUL 852 $aPUL$W1$xSL Diritto e Scienze Sociali 3$y79$m342. 24 HOFHE 1$j148470$qDDC 21$B147067$CPULBib$Z2$F147067 $H119013 $82 941 1 $a9 996 $6020$z9780199286485*$9(OLS)http://pul/number/149379 996 $6082$a342.24$9(OLS)http://pul/classification/732 996 $6245$aAdministrative law and policy of the European Union$9(OLS)http://pul/title/162113 996 $6260$aOxford ;$aNew York :$bOxford University Press$9(OLS)http://pul/publisher/74678 LEADER 01403nam a2200325 u 4500 001 000000089819 003 CaOOAMICUS 005 20070226124646.0 008 051014s2004 it u000 u ita u 020 $a88-13-25223-4 035 $a11070917 040 $aPUL$bita 100 1 $aGherro, Sandro.$0(OLS)http://pul/name/23741 245 10$aDiritto canonico :$b(nozioni e riflessioni).$n2,$pDiritto matrimoniale /$cSandro Gherro. 246 30$aDiritto matrimoniale 260 $aPadova :$bCEDAM,$cc2004. 300 $axii, 298 p. ;$c24 cm 490 1 $aDiritto canonico-Diritto ecclesiastico ;$v7 504 $aContiene bibliografia. 650 4$aDiritto canonico.$0(OLS)http://pul/subject/1294 650 4$aMatrimonio (diritto).$0(OLS)http://pul/subject/800 830 0$aDiritto canonico-Diritto ecclesiastico ;$v7.$0(OLS)http://pul/title/100899 850 $aPUL 852 $aPUL$W1$xDP2 Diritto Canonico 1$y64$m166 I 7$j113487$nBK-PRI$qStampati$B113487$CPULBib$Z2$F113487 $H99811 $82 941 1 $a8 960 $aDiritto matrimoniale$9800 996 $6020$a88-13-25223-4$9(OLS)http://pul/number/117798 996 $6245$aDiritto canonico :$b(nozioni e riflessioni).$n2,$pDiritto matrimoniale$9(OLS)http://pul/title/115966 996 $6246$aDiritto matrimoniale$9(OLS)http://pul/title/115967 996 $6260$aPadova :$bCEDAM$9(OLS)http://pul/publisher/48126